| 000 | 01160 a2200277 4500 | ||
|---|---|---|---|
| 003 | Nust | ||
| 005 | 20170207154032.0 | ||
| 010 | _a 2002021594 | ||
| 020 | _a1-58053-327-2 | ||
| 035 | _a(DLC) 2002021594 | ||
| 040 | _cNust | ||
| 082 | 0 | 0 | _a005.1 |
| 245 | 1 | 0 |
_aBuilding reliable component-based software systems (E-Book) _cIvica Crnkovic, Magnus Larsson, editors. |
| 260 |
_aBoston : _bArtech House, _ccop. 2002 |
||
| 300 |
_axxxvii, 413 s. : _bill. ; _c24 cm |
||
| 505 | _aPart 1: The Definition and Specification of Components (Page-1) Part 2: Software Architecture and Components (Page-39) Part 3: Developing Software Components (Page-87) Part 4: Using Software Components (Page-155) Part 5: Software Product Lines (Page-205) Part 6: Real-Time Software Components (Page-237) Part 7: Case Studies.CBD in Industrial Applications (Page-299) | ||
| 650 | 0 |
_aComponent software _xReliability |
|
| 650 | 0 | _aComputer programming | |
| 650 | 0 | _aComputer software | |
| 650 | 0 | _aProgrammering | |
| 650 | 0 | _aProgramvara | |
| 650 | 0 | _aSoftware engineering | |
| 651 | _a(E-Book) | ||
| 700 | 1 |
_aCrnkovic, Ivica _4edt |
|
| 700 | 1 |
_aLarsson, Magnus Peter Henrik _4edt |
|
| 942 |
_2ddc _cBK |
||
| 999 |
_c192224 _d192224 |
||